Miasta na Słowacji - Nagła Śmierć - Statystyki

Ogólne statystyki
  • Ten quiz został rozwiązany 159 razy
    71 od ostatniego zresetowania
  • Średni wynik to 9 z 15
Answers on the Grid
Answers color-coded by a green-red scale on the quiz's grid according to % correct below.
Bańska Bystrzyca
Bitola
Bratysława
Brno
Bystrzyca Kłodzka
Karlovac
Koper
Koszyce
Kranj
Kumanowo
Levice
Łuczeniec
Martin
Nitra
Nowe Zamki
Nowy Sad
Osijek
Pilzno
Poprad
Preszów
Prievidza
Równe
Timisoara
Trenczyn
Trnawa
Zwoleń
Żylina
 
Statystyki odpowiedzi
Odpowiedź % Poprawnych
Bratysława
93%
Bańska Bystrzyca
87%
Koszyce
85%
Trnawa
78%
Żylina
78%
Trenczyn
72%
Nitra
70%
Preszów
67%
Poprad
65%
Martin
46%
Levice
39%
Nowe Zamki
37%
Zwoleń
33%
Prievidza
30%
Łuczeniec
28%
Nie znaleziono quizów pasujących do podanych kryteriów
Rozkład punktacji
Procent ludzi z każdym wynikiem
Percentyl według liczby udzielonych odpowiedzi
Twoja historia wyników
Nie rozwiązałeś tego quizu od ostatniego zresetowania